Poznať plusy a mínusy života

Bibliographic Details
Main Authors: Jackanin, Ivan, 1950- (Author, Interviewer), Drač, Ivan, 1936-2018 (Author)
Format: Article
Language:Slovak
PhysicalDescription:Fotogr. 1
Subjects:

MARC

LEADER 00000cab a2200000 a 4500
001 vtls000481931
003 SK-MaSNL
005 20260303004419.0
008 120927c1993 xo 0 slo
015 |a SNBRB19rr/mm-uuuuu 
035 |a CL0482066 
040 |a SNKBUCL  |b slo  |c SNKBUCL  |d SVKPOCL  |e AACR2 
041 0 |a slo 
044 |a xo  |c SK 
080 |a 821.161.2  |2 2001 
100 1 |a Jackanin, Ivan,  |d 1950-  |4 aut  |4 ivr  |9 103637 
245 1 0 |a Poznať plusy a mínusy života  |c Ivan Fedorovyč Drač, Ivan Jackanyn 
300 |b Fotogr. 1 
600 1 7 |a Drač, Ivan Fedorovyč,  |d 1936-  |x rozhovory  |2 snkbucl  |9 983395 
650 0 7 |a ukrajinská literatúra  |2 svkpocl  |9 1218 
655 7 |a články z novín a časopisov  |2 snkbucl  |9 267496 
700 1 |a Drač, Ivan,  |d 1936-2018  |4 aut  |4 ive  |9 219225 
773 0 |t Knižná revue  |g Roč. 3, č. 2 (1993), s. 10 
850 |a Slovenská národná knižnica v Martine  |a MTA001 
852 |a SNK  |b KIS3GCP 
958 |a LX 
958 |a UA 
958 |a RK 
992 |a RBX 
999 |c 1577539  |d 1579469